000 01207nam a2200301 i 4500
001 69632
003 Mx-PuUPA
005 20220615101706.0
008 220603s2016 oru |||gr|||| 00| 0 eng d
020 _a9781498278508
_qrustica
040 _aMx-PuUPA
_bspa
_cMx-PuUPA
_dMx-PuUPA
_erda
041 0 _aeng
100 1 _aMligo, Elia Shabani,
_eautor
_912711
245 1 0 _aIntroduction to research methods and report writing :
_ba practical guide for students and researchers in social sciences and the humanities /
_cby Elia Shabani Mligo
264 1 _aEugene Oregon :
_bResource Publications,
_c©2016
300 _axii, 160 páginas ;
_c23 cm
336 _2rdacontent
_atexto
_btxt
337 _2rdamedia
_asin merio
_bn
338 _2rdacarrier
_avolumen
_bnc
650 7 _2armarc
_aCiencias sociales
_xInvestigación
_xMetodología
650 7 _2armarc
_aHumanidades
_xInvestigación
_xMetodología
650 7 _2armarc
_aReporte escrito
942 _2ddc
_cLI
_h300.72
_iM685
999 _c69632
_d69632